Mauvais Oeil - Lunatic - Statistiques

Statistiques générales
  • Ce quiz a été pris 47 fois
  • Le résultat moyen est 10 sur 15
Statistiques - réponses
Titres % Correct
1 Intro
92%
13 Mauvais oeil
87%
2 Pas le temps pour les regrets
87%
5 La lettre
82%
14 Civilisé
77%
8 (feat. Maleka morte) 92I
72%
3 Groupe sanguin
67%
9 HLM 3
59%
12 (feat. Jockey) Le silence n'est pas un oubli
56%
11 Avertisseurs
51%
4 (feat. Sir Doum's) L'effort de paix
51%
10 Le son qui met la pression
49%
7 Têtes brulées
46%
15 B.O - Banlieue Ouest
41%
6 Si tu kiffe pas...
33%
Aucun quiz correspondant
Distribution des résultats
% des personnes avec chaque résultat
Percentile par nombre de réponses
Votre historique - résultats
Vous n’avez pas pris ce quiz